LEADER 00640nam a2200169 i 4500 001 000000239619 003 CaOOAMICUS 005 20221021153930.0 008 150312n it u000 u ita u 040 $aSeMil$bita 245 10$aRelazioni, interventi, conclusioni. 300 $aVIII, 427 p. 773 0 $tCapitalismo italiano e l'economia internazionale.$dRoma : Editori Riuniti, 1970.$kNuova biblioteca di cultura$g1$w()31571 850 $aSeMil 852 $aSeMil$W1$xVenegono$y1$m3N II 335$j189965$B189965$CSeMilBibl$Z2$F200796 $81 996 $6245$aRelazioni, interventi, conclusioni$9(OLS)http://semarc/title/341236 LEADER 01191nam a2200265 i 4500 001 000000077448 003 CaOOAMICUS 005 20250514170319.0 008 031125s1992 it u000 u ger u 013 $a48620 020 $a3-7917-1334-5 040 $aSeMil$bita 100 1 $aMeßner, Reinhard <1960- >.$0(OLS)http://semarc/name/5553 245 10$aFeiern der Umkehr und Versöhnung /$cReinhard Meßner ; mit einem Beitrag von Robert Oberforcher. Feier der Krankensalbung / Reiner Kaczynski. 300 $a375 p. 500 $aIn allegato opuscolo: "Vorläufiges Abkürzungsverzeichnis" (ausgabe 1992) 700 1 $aKaczynski, Reiner <1939-2015>.$0(OLS)http://semarc/name/1019 700 1 $aOberforcher, Robert.$0(OLS)http://semarc/name/23762 773 0 $t7: Sakramentliche Feiern 1.$dRegensburg : Friedrich Pustet, 1989-1999-$w()10584 850 $aSeMil 852 $aSeMil$W1$xVenegono$y1$m3KA F 7/2$j256977$B43600$CSeMilBibl$Z2$F77036 $81 961 $aOmaggio: Caspani don Pierpaolo 996 $6020$a3-7917-1334-5$9(OLS)http://semarc/number/59136 996 $6245$aFeiern der Umkehr und Versöhnung$9(OLS)http://semarc/title/125771